000 00331nam a2200145Ia 4500
008 100122s9999 xx 000 0 und d
082 _b71392
_a823
100 _aKOONTZ DEAN
245 _aTHE HUSBAND
260 _bHARPER & PAPERBACK
_c2007
300 _a451
630 _aTHE HUSBAND
730 _aTHE HUSBAND
942 _cBOOK
999 _c382389
_d382386